📖150 premiers mots "Manawee" Clarissa Pinkola Estés - Statistiques

Statistiques générales
  • Ce quiz a Ă©tĂ© pris 4 fois
  • Le rĂ©sultat moyen est 89 sur 150
Statistiques - réponses
Mots % Correct
Ă 
100%
avec
100%
bien,
100%
car
100%
de
100%
des
100%
et
100%
Et
100%
était
100%
fois
100%
homme
100%
Il
100%
il
100%
jour,
100%
jour-
100%
l'
100%
la
100%
lĂ 
100%
le
100%
Le
100%
les
100%
Mais
100%
mais
100%
ne
100%
par
100%
pas
100%
que
100%
qui
100%
son
100%
un
100%
Un
100%
une
100%
aimait
67%
Aucune
67%
autre
67%
ce
67%
deux
67%
elles
67%
en
67%
étaient
67%
femmes
67%
femmes.
67%
gentilles
67%
leur
67%
lui.
67%
lui,
67%
père
67%
plus
67%
possédait
67%
qualités,
67%
sœurs,
67%
sœurs.
67%
sœurs
67%
toutes
67%
auras
33%
courtisait
33%
douce.
33%
encore
33%
encore,
33%
faire
33%
jeunes
33%
jolie
33%
jumelles.
33%
leurs
33%
petit
33%
"Tu
33%
tu
33%
accompagné
0%
case
0%
chez
0%
chien.
0%
chien
0%
déclara :
0%
dépité.
0%
dessous
0%
deviner
0%
échoua
0%
entendit ...
0%
essaya
0%
gâtaient
0%
glissa
0%
incapable
0%
Manawee
0%
Manawee.
0%
mariage
0%
noms."
0%
noms
0%
nouvelle
0%
oreille
0%
pouvait
0%
rentra
0%
renvoyait
0%
retourna
0%
secouait
0%
seras
0%
tant
0%
tentative,
0%
tĂŞte
0%
vint
0%
vit
0%
Aucun quiz correspondant
Distribution des résultats
% des personnes avec chaque résultat
Percentile par nombre de réponses
Votre historique - résultats
Vous n’avez pas pris ce quiz